000 005720000a22001810004500
003 LK-CoMWRAF
005 20231201121100.0
008 230817t ||||| |||| 00| 0 eng d
040 _aLK-CoMWRAF
_dLK-CoMWRAF
_eLK-CoMWRAF
041 _asin
082 _a297
_bMOH
100 _aමොහමඩ්, එම්. ඒ.
245 _aඅර්කානුස් සලාත් :
_bනැමදුම් විස්තරය
246 _aArkaanus salaath : namadum wistharaya
300 _aපි. 102
650 _aඉස්ලාම්-නැමදීම
942 _cBK
999 _c2328
_d2328